000 00328 a2200145 4500
001 152930
040 _cEscola São Tomás de Aquino
100 _aMACHADO, Ana Maria
240 1 0 _aOs três porquinhos
_lpor
245 1 0 _aOs três porquinhos
300 _a28
362 0 _a2004
697 _a*LITERATURA INFANTO
942 _cBK
999 _c152930
_d152930